000 01328 a2200205 4500
001 22566
005 20260407155516.0
008 260407a1980 arg spa d
003 AR-UNSa-BCEJYS
040 _aAR-UNSa-BCEJYS
_bspa
_cAR-UNSa-BCEJYS
080 _a336.2
_xIngresos públicos (Derecho tributario)
245 1 0 _aDerecho tributario argentino
264 1 _aBuenos Aires :
_bLiceo Profesional Cima
_c1980
300 _a451 p.
_c22 cm.
505 _aTitulo I: Los recursos tributarios: 1. Importancia y teorías sobre los tributos - 2. Los impuestos - 3. Las tasas - 4. Las contribuciones especiales - Titulo II: Principios generales del derecho tributario: 5. Nociones preliminares sobre el derecho tributario - 6. La interpretación de las normas tributarias - 7. Efectos de las normas tributarias tanto en el tiempo como en el espacio - Titulo III: Las subdivisiones del derecho constitucional : 8. El derecho tributario constitucional - 9. El derecho tributario sustantivo - 10. El derecho tributario administrativo - 11. El derecho tributario procesal - 12. Derecho tributario penal.
942 _cBK
590 _aniveau_biblio:m niveau_hierar:0
100 1 _aMartín, José María
856 4 1 _uhttps://biblioeco.unsa.edu.ar/pmb/images/libros/Derecho Tributarion Argentino-l39666.jpg
_yImagen de portada
_qimage/jpeg
999 _c1034
_d1034